000 00677nam a2200265Ia 4500
003 OSt
005 20221007104821.0
006 a|||||r|||| 00| 0
007 ta
008 221006b |||||||| |||| 00| 0 eng d
024 _a16,871
037 _cTextual
040 _aLCO
_cLCO
_beng
041 _2eng
_aeng
082 _aZ2,5q, N9
100 _aTandon M.P
_9349121
245 0 _aIndian Penal Code
250 _a20th
260 _aFaridabad
_bAllahabad Law Agency India
_c1999
300 _a567
650 _aINDIAN PENAL CODE
700 _a Tandon Rajesh
942 _hZ2,5q, N9
_cTEXL
999 _c1186434
_d1186434